神戸市の行政区(地図付き) - Statistics

General Stats
  • This quiz has been taken 464 times
  • The average score is 8 of 9
Answers on the Map
Answers color-coded by a green-red scale on the quiz's map according to % correct below.
 
Answer Stats
Wards % Correct
北区
98%
西区
97%
中央区
93%
灘区
90%
東灘区
86%
須磨区
86%
兵庫区
83%
長田区
80%
垂水区
78%
No matching quizzes found
Score Distribution
Percent of People with Each Score
Percentile by Number Answered
Your Score History
You have not taken this quiz